| 000 | 00000nam##2200000za#4500 |
| 001 | 9.675654 |
| 003 | CaOODSP |
| 005 | 20210624225352 |
| 007 | cr ||||||||||| |
| 008 | 150407|2000||||xxc|||||o f|0| 0 fre|d |
| 040 | |aCaOODSP|bfre |
| 041 | |aeng |
| 041 | |afre |
| 043 | |an-cn--- |
| 086 | 1 |aSE1-1/2000-1-PDF |
| 110 | 1 |aCanada.|bÉlections Canada. |bDirecteur général des élections du Canada. |
| 245 | 10|aTrente-septième élection générale 2000, résultats officiels du scrutin. Synopsis / |h[ressource électronique]|cPublié par le directeur général des élections du Canada. |
| 246 | 1 |iTitre de renvoi : |aRésultats officiels du scrutin. Synopsis 2000 |
| 260 | |aOttawa - Ontario : |bÉlections Canada. |cc2001. |
| 300 | |a28p.|bgraphiques, tableaux |
| 500 | |aLe nº de catalogue (SE1-1/2000-1) et l'ISBN (0-662-65518-4) de l'édition imprimée bilingue ont été incorrectement copiés dans cette édition électronique. |
| 546 | |aBilingue |
| 590 | |a12-05-Supp|b2012-03-02 |
| 691 | 07|aÉlections|2gcpds |
| 691 | 07|aSystème électoral|2gcpds |
| 791 | |tThirty-seventh general election 2000, official voting results. Synopsis / |eeng|w(CaOODSP)9.675653 |
| 856 | 40|ahttp://publications.gc.ca|qPDF|s435 Ko|uhttps://publications.gc.ca/collections/Collection/SE1-1-2000-1.pdf |
| 986 | |aEC 94319 |